000 00610cam a2200193 a 4500
001 000006415
005 20200929153928.0
008 990623s1998 ec 001 1 spa
020 _a9978621318
040 _aDO-SdBNP
_cDLC
_dDLC
082 _aE863.64
_bM778a
100 1 _aMonteros Arregui, Luis.
_917828
245 1 3 _aEl atico :
_bcuentos /
_cLuis Monteros Arregui.
260 _aQuito :
_bCasa de la Cultura Ecuatoriana "Benjamín Carrión",
_c1998.
300 _a78 p. ;
_c21 cm.
650 4 _aCuentos ecuatorianos
_917829
650 4 _aLiteratura ecuatoriana
_93938
910 _aCatalogación por copia / LC
999 _c6210
_d6210